Science at the service of Europe <a> guide to the 2009 annual activity report of the European Commission's Directorate-General for Research

Saved in:
Bibliographic Details
Corporate Author: Directorate-General for Research. European Commision
Format: Book
Language:English
Published: Luxembourg Publications Office of the European Union 2010
Subjects:
Tags: Add Tag
No Tags, Be the first to tag this record!

MARC

LEADER 00000nam$a2200000$$$4500
001 0123601
005 20221108071412.7
020 |a 978-92-79-16572-6 
041 0 |a eng 
044 |a LU 
245 1 0 |a Science at the service of Europe  |b <a> guide to the 2009 annual activity report of the European Commission's Directorate-General for Research 
264 1 |a Luxembourg  |b Publications Office of the European Union  |c 2010 
300 |a 49 s. 
610 2 0 |a veda 
610 2 0 |a výskum 
610 2 0 |a projekty 
610 2 0 |a programy výskumné 
610 2 0 |a rozvoj vedeckotechnický 
610 2 0 |a technológie nové 
610 2 0 |a spolupráca medzinárodná 
610 2 0 |a ekonomika vedomostná 
610 2 0 |a Európska únia 
610 2 0 |a Európa 
710 2 |a Directorate-General for Research. European Commision